Memory in place : (Record no. 80576)

MARC details
000 -LEADER
fixed length control field 05972cam a2200625 i 4500
001 - CONTROL NUMBER
control field on1393505284
003 - CONTROL NUMBER IDENTIFIER
control field OCoLC
005 - DATE AND TIME OF LATEST TRANSACTION
control field 20240620195746.0
006 - FIXED-LENGTH DATA ELEMENTS--ADDITIONAL MATERIAL CHARACTERISTICS
fixed length control field m o d
007 - PHYSICAL DESCRIPTION FIXED FIELD--GENERAL INFORMATION
fixed length control field cr cnu---mpcba
008 - FIXED-LENGTH DATA ELEMENTS--GENERAL INFORMATION
fixed length control field 230814s2023 acaa gob 000 0 eng d
040 ## - CATALOGING SOURCE
Original cataloging agency ANV
Language of cataloging eng
Description conventions rda
Transcribing agency ANV
Modifying agency ANV
-- AUNED
-- OCLCQ
-- YDX
-- JSTOR
-- ANV
-- OCLCO
020 ## - INTERNATIONAL STANDARD BOOK NUMBER
International Standard Book Number 9781760466084
Qualifying information (electronic book)
020 ## - INTERNATIONAL STANDARD BOOK NUMBER
International Standard Book Number 1760466085
Qualifying information (electronic book)
020 ## - INTERNATIONAL STANDARD BOOK NUMBER
Canceled/invalid ISBN 9781760466077
Qualifying information (paperback)
020 ## - INTERNATIONAL STANDARD BOOK NUMBER
Canceled/invalid ISBN 1760466077
Qualifying information (paperback)
035 ## - SYSTEM CONTROL NUMBER
System control number (OCoLC)1393505284
Canceled/invalid control number (OCoLC)1424927605
037 ## - SOURCE OF ACQUISITION
Stock number 22573/cats13116430
Source of stock number/acquisition JSTOR
043 ## - GEOGRAPHIC AREA CODE
Geographic area code u-at---
050 #4 - LIBRARY OF CONGRESS CALL NUMBER
Classification number DU115
050 04 - LIBRARY OF CONGRESS CALL NUMBER
Classification number DU120
Item number .M466 2023
245 00 - TITLE STATEMENT
Title Memory in place :
Remainder of title locating colonial histories and commemoration /
Statement of responsibility, etc. edited by Cameo Dalley and Ashley Barnwell.
264 #1 - PRODUCTION, PUBLICATION, DISTRIBUTION, MANUFACTURE, AND COPYRIGHT NOTICE
Place of production, publication, distribution, manufacture Canberra, ACT, Australia :
Name of producer, publisher, distributor, manufacturer ANU Press,
Date of production, publication, distribution, manufacture, or copyright notice [2023]
300 ## - PHYSICAL DESCRIPTION
Extent 1 online resource (xx, 295 pages) :
Other physical details illustrations.
336 ## - CONTENT TYPE
Content type term text
Content type code txt
Source rdacontent
337 ## - MEDIA TYPE
Media type term computer
Media type code c
Source rdamedia
338 ## - CARRIER TYPE
Carrier type term online resource
Carrier type code cr
Source rdacarrier
347 ## - DIGITAL FILE CHARACTERISTICS
File type text file
Encoding format PDF
505 0# - FORMATTED CONTENTS NOTE
Formatted contents note Part I. History in the landscape archive. 1. Matriarch: Reclaiming the mermaid / Julia Hurst and Karen Maber ; 2. Spirit of place: The critical case for site visits in the construction of Indigenous Australian histories / Barry Judd and Katherine Ellinghaus ; 3. Memory-lines: Ethnographies of colonial violence in Central Australia / Jason Gibson, Jennifer Green and Joel Liddle; 4. Tommy Burns and the challenge of truth-telling on the pastoral frontier in the Gulf Country of northern Australia / Richard Martin and Fred Pascoe; 5. Searching for Retribution Camp / Billy Griffiths; 6. The South Australian frontier and its legacies: Remembering and representing the Mount Bryan murders / Skye Krichauff -- Part II: Remembering and forgetting in heritage spaces; 7. A stone in the park of empire: Reclaiming First Nations space through burial / Alexandra Roginski; 8. Place as archive: The heritage of children's homes and the legacies of colonial violence / Sarah Hayes, Steven Cooke, Edwina Kay and Antony Catrice; 9. Engaging communities in archives and museums / Imelda Miller, Olivia Robinson and Cameo Dalley; 10. History by committee: Representing the 'facts' of settler colonialism in a local historical society museum / Cameo Dalley and Ashley Barnwell; 11. Displaying frontier violence at the Australian War Memorial / Thomas J. Rogers; 12. Blue sky mining and Sweet Country: Is it too soon to commemorate colonial violence? / Chris Healy -- Afterword: Re-membering history at our current juncture / Yin Paradies.
520 1# - SUMMARY, ETC.
Summary, etc. Memory in Place brings together Indigenous and non-Indigenous scholars and practitioners grappling with the continued potency of memories and experiences of colonialism. While many of these conversations have taken place on a national stage, this collection returns to the rich intimacy of the local. From Queensland's sweeping Gulf Country, along the shelly beaches of south Sydney, Melbourne's city gardens and the rugged hills of South Australia, through Central Australia's dusty heart and up to the majestic Kimberley, the collection charts how interactions between Indigenous people, settlers and their descendants are both remembered and forgotten in social, political, and cultural spaces. It offers uniquely diverse perspectives from a range of disciplines including history, anthropology, memory studies, archaeology, and linguistics from both established and emerging scholars; from Indigenous and non-Indigenous contributors; and from academics as well as museum and cultural heritage practitioners. The collection locates some of the nation's most pressing political issues with attention to the local, and the ethics of commemoration and relationships needed at this scale. It will be of interest to those who see the past as intimately connected to the future.
504 ## - BIBLIOGRAPHY, ETC. NOTE
Bibliography, etc. note Includes bibliographical references.
542 ## - INFORMATION RELATING TO COPYRIGHT STATUS
Note Unless stated otherwise, the author retains copyright to their work while ANU Press retains exclusive worldwide rights for the distribution of the book. From 2018, the majority of ANU Press titles are published under a Creative Commons licence (CC BY-NC-ND; creativecommons.org/licenses/by-nc-nd/4.0/), which broadens the ways in which works can be used and distributed. Please refer to the copyright page of each book for more information on a specific title's copyright licensing.
506 0# - RESTRICTIONS ON ACCESS NOTE
Standardized terminology for access restriction Unrestricted online access.
Source of term star
Institution to which field applies AU-CaNED
590 ## - LOCAL NOTE (RLIN)
Local note JSTOR
Provenance (VM) [OBSOLETE] Books at JSTOR Open Access
651 #0 - SUBJECT ADDED ENTRY--GEOGRAPHIC NAME
Geographic name Australia
General subdivision Politics and government
Chronological subdivision To 1900.
Authority record control number or standard number http://id.loc.gov/authorities/subjects/sh85009598
650 #0 - SUBJECT ADDED ENTRY--TOPICAL TERM
Topical term or geographic name entry element Imperialism.
Authority record control number or standard number http://id.loc.gov/authorities/subjects/sh85064628
650 #0 - SUBJECT ADDED ENTRY--TOPICAL TERM
Topical term or geographic name entry element Collective memory
Geographic subdivision Australia.
651 #0 - SUBJECT ADDED ENTRY--GEOGRAPHIC NAME
Geographic name Australia
General subdivision Ethnic relations
-- Historiography.
651 #0 - SUBJECT ADDED ENTRY--GEOGRAPHIC NAME
Geographic name Australia
General subdivision Colonization
-- Historiography
-- Political aspects.
651 #0 - SUBJECT ADDED ENTRY--GEOGRAPHIC NAME
Geographic name Australia
General subdivision Colonization
-- Historiography
-- Social aspects.
650 #0 - SUBJECT ADDED ENTRY--TOPICAL TERM
Topical term or geographic name entry element Indigenous peoples
General subdivision Social life and customs
-- Historiography.
650 #0 - SUBJECT ADDED ENTRY--TOPICAL TERM
Topical term or geographic name entry element Memorials
General subdivision Political aspects
Geographic subdivision Australia.
650 #4 - SUBJECT ADDED ENTRY--TOPICAL TERM
Topical term or geographic name entry element Aboriginal and/or Torres Strait Islander content.
651 #6 - SUBJECT ADDED ENTRY--GEOGRAPHIC NAME
Geographic name Australie
General subdivision Politique et gouvernement
Chronological subdivision Jusqu'à 1900.
650 #6 - SUBJECT ADDED ENTRY--TOPICAL TERM
Topical term or geographic name entry element Impérialisme.
650 #6 - SUBJECT ADDED ENTRY--TOPICAL TERM
Topical term or geographic name entry element Mémoire collective
Geographic subdivision Australie.
651 #6 - SUBJECT ADDED ENTRY--GEOGRAPHIC NAME
Geographic name Australie
General subdivision Colonisation
-- Historiographie
-- Aspect politique.
651 #6 - SUBJECT ADDED ENTRY--GEOGRAPHIC NAME
Geographic name Australie
General subdivision Colonisation
-- Historiographie
-- Aspect social.
700 1# - ADDED ENTRY--PERSONAL NAME
Personal name Dalley, Cameo,
Relator term editor.
Authority record control number or standard number http://id.loc.gov/authorities/names/n2020019309
700 1# - ADDED ENTRY--PERSONAL NAME
Personal name Barnwell, Ashley,
Relator term editor.
Authority record control number or standard number http://id.loc.gov/authorities/names/n2018059637
710 2# - ADDED ENTRY--CORPORATE NAME
Corporate name or jurisdiction name as entry element Australian National University Press,
Relator term publisher.
Authority record control number or standard number http://id.loc.gov/authorities/names/nb2018017990
856 40 - ELECTRONIC LOCATION AND ACCESS
Uniform Resource Identifier <a href="https://www.jstor.org/stable/10.2307/jj.13167844">https://www.jstor.org/stable/10.2307/jj.13167844</a>
942 ## - ADDED ENTRY ELEMENTS (KOHA)
Koha item type E-Book
994 ## -
-- 92
-- PHURS
Holdings
Withdrawn status Source of classification or shelving scheme Damaged status Not for loan Home library Current library Date acquired Total Checkouts Date last seen Price effective from Koha item type
  Library of Congress Classification   Not For Loan JSTOR Open Access Books JSTOR Open Access Books 06/05/2024   06/05/2024 06/05/2024 E-Book

University of Rizal System
Email us at univlibservices@urs.edu.ph

Visit our Website www.urs.edu.ph/library